| 000 | 00837nam a2200205 a 4500 | ||
|---|---|---|---|
| 001 | 5491 | ||
| 003 | CDMR | ||
| 005 | 20131203165742.0 | ||
| 008 | 130130s1971||||||||||||||||||||||||||||d | ||
| 040 |
_aCDMR _bcat _cCDMR |
||
| 245 | 0 |
_aPublics et techniques de la diffusión collective _b: etudes offertes à Roger Clausse |
|
| 260 |
_aBruxelles _c1971 _bInstitut de Sociologie. Université Libre de Bruxelles |
||
| 300 |
_a492 p ; _c24 cm |
||
| 490 | 0 | _aCentre d'Etudes des Techniques de Diffusion Collectiva | |
| 500 | _aEtudes offertes à Roger Clausse pour le 25e ammiversaire de la licence en journalisme et communication sociale de l'Université Libre de Cruxelles | ||
| 600 |
_91899 _aClausse, Roger |
||
| 650 | 0 | 4 |
_93082 _aMitjans de comunicació social |
| 650 | 0 | 4 |
_93360 _aMitjans de comunicació de massa _xPúblic |
| 942 |
_cMON _2udc |
||
| 999 |
_c5491 _d5491 |
||